| 000 | 00429nam a22001457a 4500 | ||
|---|---|---|---|
| 008 | 250917b |||||||| |||| 00| 0 eng d | ||
| 020 | _a9780143026617 | ||
| 050 |
_aHC800 _b.M55 |
||
| 100 | _aMills Greg | ||
| 245 | _aWhy Africa is poor and what Africans can do about it | ||
| 260 |
_aJohannesburg _bPenguins Books _c2010 |
||
| 300 |
_axviii, 418p. _bill. |
||
| 650 |
_aEconomic development- Africa _vPoverty- Africa |
||
| 942 | _cBK | ||
| 999 |
_c4496 _d4496 |
||